| 000 | 01198 a2200181 4500 | ||
|---|---|---|---|
| 003 | Nust | ||
| 005 | 20221024175715.0 | ||
| 020 | _a9788189757922 | ||
| 040 | _cNust | ||
| 082 | _a621.3,GUP | ||
| 100 | _aGupta,J.B | ||
| 245 |
_aQuestion Bank in Electrical Engineering / _cJ.B.Gupta |
||
| 260 |
_aDelhi _bS.K.Kataris & Sons _c2010 |
||
| 300 | _a767 p | ||
| 505 | _aDC Basics and Networks and Electromagnetic Theory (Page-3), AC Basics and Networks (Page-59), DC Machines (Page-98), AC Machines (Page-140), Electrical Engineering Materials (Page-236), Electrical Machines Design (Page-261), Electrical Installation and Wiring (Page-279), Electrical Power Generation and Economics Considerations (Page-291), Transmission and Distribution of Electrical Power (Page-332), Switchgear and Protection (Page-364), Electrical Energy Utilisation and Electrical Traction (Page-416), Analog Electronics (Page-492), Industrial and Power Electronics (Page-543), Digital Electronic (Page-576), Electronics and Electrical Measurements and Instruments (Page-613), Electrical and Electronics Instrumentation (Page-670), Control Systems (Page-693). | ||
| 650 | _cTelecommunication Engineering | ||
| 942 |
_2ddc _cBK |
||
| 999 |
_c189282 _d189282 |
||